Gear cutting practice : (Record no. 194289)
[ view plain ]
| 000 -LEADER | |
|---|---|
| fixed length control field | 00930 a2200181 4500 |
| 003 - CONTROL NUMBER IDENTIFIER | |
| control field | Nust |
| 005 - DATE AND TIME OF LATEST TRANSACTION | |
| control field | 20230320111357.0 |
| 040 ## - CATALOGING SOURCE | |
| Transcribing agency | Nust |
| 082 ## - DEWEY DECIMAL CLASSIFICATION NUMBER | |
| Classification number | 621.944,COL |
| 100 ## - MAIN ENTRY--PERSONAL NAME | |
| Personal name | Colvin, Fred H. |
| 9 (RLIN) | 110600 |
| 245 ## - TITLE STATEMENT | |
| Title | Gear cutting practice : |
| Remainder of title | methods of producing gears for commercial use including war time data supplement / |
| Statement of responsibility, etc. | Fred H. Colvin |
| 250 ## - EDITION STATEMENT | |
| Edition statement | 2nd ed. |
| 260 ## - PUBLICATION, DISTRIBUTION, ETC. | |
| Place of publication, distribution, etc. | New York |
| Name of publisher, distributor, etc. | McGraw Hill |
| Date of publication, distribution, etc. | 1943 |
| 300 ## - PHYSICAL DESCRIPTION | |
| Extent | 370 p. |
| 505 ## - FORMATTED CONTENTS NOTE | |
| Formatted contents note | Gears and Gear Cutting Practice (Page-1), Spur Gears and Circular Cutters (Page-55), The Shaping Method of Cutting Gears (Page-103), Helical and Herringbone Gears (Page-118), Hobs and Cutters (Page-142), Bevel Gears (Page-164), Worms and Worm Gears (Page-192), Internal Gears (Page-210), Burnishing, Shaving, Lapping and Grinding Gear Teeth (Page-230), Heat Treatment of Gears (Page-255), Inspection Methods (Page-271). |
| 650 ## - SUBJECT ADDED ENTRY--TOPICAL TERM | |
| Topical term or geographic name entry element | Gear cutting practice |
| 9 (RLIN) | 110601 |
| 942 ## - ADDED ENTRY ELEMENTS (KOHA) | |
| Source of classification or shelving scheme | |
| Koha item type | Book |
| Withdrawn status | Lost status | Source of classification or shelving scheme | Damaged status | Not for loan | Permanent Location | Current Location | Shelving location | Date acquired | Full call number | Barcode | Date last seen | Price effective from | Koha item type | Public note |
|---|---|---|---|---|---|---|---|---|---|---|---|---|---|---|
| Military College of Signals (MCS) | Military College of Signals (MCS) | General Stacks | 12/12/2016 | 621.944,COL | MCS6320 | 12/08/2016 | 12/12/2016 | Book | Almirah No.74, Shelf No.6 |
